000 00848nam a2200229 a 4500
001 48940
003 BD-RjUL
005 20211209054618.0
008 160817s1968 bg ||||| |||| 00| 0 ben d
020 _c: PRs.5.00
035 _a(BD-RjUL)49059
040 _aBD-RjUL
_bben
_cBD-RjUL
_dBD-RjUL
041 _aben
082 _223
_a512
_bRAC 1968
100 _aরহমান, মুহাম্মদ হাবিবুর
_9147395
245 1 0 _aকলেজ বীজ গণিত /
_cমুহাম্মদ হাবিবুর রহমান,
260 _aঢাকা :
_bকেন্দীয় বাঙলা-উন্নয়ন-বোর্ড,
_c১৯৬৮.
300 _a২২০ পৃ. :
_bচিত্র ;
_c২৩ সেমি.
650 _aবীজগণিত
_9147396
650 _aAlgebra
_9147397
942 _2ddc
_cBK
999 _c48940
_d48940